[Event "Seville op 37th"]
[Site "Seville"]
[Date "2012.01.10"]
[Round "4"]
[White "Justiniano Marquez, Marco Antonio"]
[Black "Campora, Daniel Hugo"]
[Result "0-1"]
[WhiteElo "2066"]
[BlackElo "2490"]
[PlyCount "60"]
[EventDate "2012.01.07"]
[EventType "swiss"]
[EventRounds "9"]
[EventCountry "ESP"]
[SourceTitle "CBM 146 Extra"]
[Source "ChessBase"]
[SourceDate "2012.02.29"]
[SourceVersion "1"]
[SourceVersionDate "2012.02.29"]
[SourceQuality "1"]

1. d4 f5 2. Nf3 Nf6 3. g3 g6 4. b3 Bg7 5. Bb2 0-0 6. Bg2 d5 7. 0-0 c6 8. Nbd2 Nbd7 9. c4 e6 10. Qc2 Ne4 11. Ne5 Qc7 12. f4 Nxe5 13. fxe5 Bh6 14. Nxe4 dxe4 15. Bc1 Bg7 16. Ba3 Rd8 17. Kh1 Rxd4 18. Bd6 Rxd6 19. exd6 Qxd6 20. Rad1 Qe7 21. Qd2 Bf6 22. g4 Kg7 23. e3 c5 24. Qd6 a5 25. Qxe7+ Bxe7 26. a4 Ra6 27. gxf5 exf5 28. Rd5 Be6 29. Rfd1 Bxd5 30. Rxd5 Rb6 0-1

[Event "Seville op 33rd"]
[Site "Seville"]
[Date "2008.01.10"]
[Round "7"]
[White "Justiniano Marquez, Marco Antonio"]
[Black "Kononenko, Tatiana"]
[Result "0-1"]
[WhiteElo "2144"]
[BlackElo "2378"]
[PlyCount "58"]
[EventDate "2008.01.05"]
[EventType "swiss"]
[EventRounds "9"]
[EventCountry "ESP"]
[SourceTitle "CBM 122 Extra"]
[Source "ChessBase"]
[SourceDate "2008.03.04"]
[SourceVersion "1"]
[SourceVersionDate "2008.03.04"]
[SourceQuality "1"]

1. d4 d5 2. g3 Nf6 3. Bg2 c6 4. c3 Bf5 5. Nf3 e6 6. Qb3 Qb6 7. Nbd2 Nbd7 8. Nh4 Be7 9. Nxf5 exf5 10. Qxb6 Nxb6 11. Nf3 Ne4 12. Ne5 f6 13. Nd3 h5 14. h4 Nd7 15. Bh3 g6 16. f3 Nd6 17. Bf4 Kf7 18. 0-0-0 Nf8 19. Rde1 Ne6 20. Be3 Bf8 21. Kc2 Bh6 22. Bg1 Rae8 23. b3 Re7 24. Bh2 Rhe8 25. g4 Nb5 26. g5 Nexd4+ 27. cxd4 Rxe2+ 28. Kc1 Bf8 29. Ne5+ R8xe5 0-1

[Event "Dos Hermanas op 5th"]
[Site "Dos Hermanas"]
[Date "2006.04.06"]
[Round "8"]
[White "Kononenko, Tatiana"]
[Black "Justiniano Marquez, Marco Antonio"]
[Result "1-0"]
[WhiteElo "2417"]
[BlackElo "2171"]
[PlyCount "97"]
[EventDate "2006.03.30"]
[EventType "swiss"]
[EventRounds "9"]
[EventCountry "ESP"]
[SourceTitle "CBM 111 Extra"]
[Source "ChessBase"]
[SourceDate "2006.05.09"]
[SourceVersion "1"]
[SourceVersionDate "2006.05.09"]
[SourceQuality "1"]

1. d4 Nf6 2. c4 c5 3. d5 b5 4. cxb5 a6 5. bxa6 Bxa6 6. Nf3 g6 7. Nc3 d6 8. g3 Nbd7 9. Bg2 Bg7 10. Rb1 0-0 11. 0-0 Qc7 12. Re1 Rfb8 13. b3 Ra7 14. Bb2 Ng4 15. h3 Nge5 16. Nd2 Nb6 17. Qc2 Qd8 18. a4 Na8 19. Na2 f6 20. f4 Nf7 21. e4 Nb6 22. Ba1 Rc8 23. Nc3 Nd7 24. Bf1 Nb8 25. Bc4 Bh6 26. Bxa6 Nxa6 27. Nc4 Nb4 28. Qe2 Rb7 29. Rbd1 Qd7 30. Kh2 Rf8 31. Nb5 Bg7 32. Bc3 Rxb5 33. axb5 Qxb5 34. Ra1 g5 35. Ra5 Qb8 36. f5 Rc8 37. Rea1 Bf8 38. g4 Rc7 39. Ra8 Qb7 40. Qd2 Ne5 41. Nxe5 dxe5 42. Qe2 Qb6 43. Qc4 Qd6 44. R1a7 Rxa7 45. Rxa7 h5 46. Bxb4 cxb4 47. Qc8 Qb6 48. Qe6+ Qxe6 49. dxe6 1-0

[Event "Seville op 31st"]
[Site "Seville"]
[Date "2006.01.09"]
[Round "3"]
[White "Matamoros Franco, Carlos S"]
[Black "Justiniano Marquez, Marco Antonio"]
[Result "1-0"]
[WhiteElo "2510"]
[BlackElo "2171"]
[PlyCount "69"]
[EventDate "2006.01.07"]
[EventType "swiss"]
[EventRounds "9"]
[EventCountry "ESP"]
[SourceTitle "CBM 110 Extra"]
[Source "ChessBase"]
[SourceDate "2006.03.10"]
[SourceVersion "2"]
[SourceVersionDate "2006.03.10"]
[SourceQuality "1"]

1. c4 c5 2. Nf3 g6 3. d4 Bg7 4. e4 cxd4 5. Nxd4 Nc6 6. Nc2 Nf6 7. Nc3 0-0 8. Be2 d6 9. 0-0 Be6 10. Kh1 Rc8 11. Rb1 Nd7 12. Nd5 f5 13. Nf4 Bf7 14. exf5 gxf5 15. b3 Nf6 16. Bb2 e5 17. Nh3 Qe7 18. f4 Rfd8 19. Ne3 Bg6 20. Bd3 e4 21. Be2 Kh8 22. Qd2 d5 23. cxd5 Nb4 24. Ba3 a5 25. Rbd1 Ne8 26. Ng5 Bc3 27. Bb2 Qf6 28. Bxc3 Qxc3 29. Ne6 Qxd2 30. Rxd2 Rd6 31. Bc4 Nf6 32. Nd4 Nbxd5 33. Nxd5 Nxd5 34. Nb5 Rdd8 35. Rxd5 1-0